000 01066nam a2200217 i 4500
001 82049
003 ES-MaACL
005 20230906174556.0
007 t|
008 041119q1916 gw ||||1| ger d
080 _a821.122.2-82"18"
100 1 _aGoethe, Johann Wolfgang von,
_d1749-1832
_957568
245 1 0 _aGoethes werke /
_cherausgegeben von Eduard Scheidemantel ; mit einem lebensbild von Karl Alt.
260 _aBerlin [etc.] :
_bBong & Co.,
_c[1916?]
300 _a6 v. ;
_c19 cm.
505 8 _a1. Gedichte -- 2. Reineke Fuchs ; Hermann und Dorothea ; Achilleïs -- 3. Götz von Berlichingen ; Clavigo ; Stella ; Die Geschwister ; Egmont -- 4. Iphigenie auf Tauris ; Torquato Tasso -- 5. Faust -- 6. Die Leiden des jungen Werther -- 7. Wilhelm Meisters Lehrjahre -- 8. Die Wahlverwandschaften -- 9. Dichtung und Wahrheit : Erstes bis zehntes Buch -- 10. Dichtung und Wahrheit : elftes bis zwanzigsts buch
700 1 _aScheidemantel, Eduard.
_9104276
700 1 _aAlt, Karl.
_920502
852 _aES-MaACL
_jG-102-107
999 _c82049
_d82049